| 000 | 01159nam a22002777a 4500 | ||
|---|---|---|---|
| 005 | 20121120114430.0 | ||
| 008 | 090408t xxu||||| |||| 00| 0 hin d | ||
| 010 | _aHIN-97421 | ||
| 020 |
_c395.00 _a8188170976 |
||
| 035 | _aHN-69767 | ||
| 037 | _bDBAD / PUB | ||
| 040 |
_aDPL _bHN |
||
| 082 | _aउ | ||
| 100 |
_927482 _aसिंह, पुष्पा 'विसेन' |
||
| 245 |
_aअछूत कजरीः _cपुष्पा सिंह 'विसेन' _bउपन्यास / |
||
| 260 |
_bमंजुली प्रकाशन _c2011 _aनई दिल्ली |
||
| 270 |
_aपी-4, पिलंजी सरोजिनी नगर _bनई दिल्ली _e110023 _k011- 26114151 _mManjuli_prakashan@rediffmail.com |
||
| 300 | 1 |
_a204पृ. _c22सेमी (सजिल्द) |
|
| 650 |
_91169 _aHindi Novel |
||
| 700 | _927483 | ||
| 700 | _953630 | ||
| 710 | _952094 | ||
| 711 | _952444 | ||
| 942 |
_adpl _cHN _2ddc _mसिंहपु _hउ |
||
| 999 |
_c71487 _d71487 |
||